[Event "EU-ch 5th"]
[Site "Antalya"]
[Date "2004.05.23"]
[Round "8"]
[White "Naiditsch, Arkadij"]
[Black "Chatalbashev, Boris"]
[Result "1-0"]
[WhiteElo "2571"]
[BlackElo "2543"]
[Annotator "Mueller,Karsten"]
[PlyCount "177"]
[EventDate "2004.05.15"]
[EventType "swiss"]
[EventRounds "13"]
[EventCountry "TUR"]
[SourceTitle "CBM 101"]
[Source "ChessBase"]
[SourceDate "2004.07.27"]
[SourceVersion "1"]
[SourceVersionDate "2004.07.27"]
[SourceQuality "1"]

1. e4 g6 2. d4 Bg7 3. Nc3 c6 4. Nf3 d6 5. Be3 Nf6 6. Qd2 b5 7. Bd3 O-O 8. h3
Nbd7 9. O-O e5 10. dxe5 dxe5 11. a4 b4 12. Ne2 Qe7 13. c3 c5 14. cxb4 cxb4 15.
Rac1 Rd8 16. Ng3 Nb6 17. Bc5 Qe6 18. Ng5 Qe8 19. Qe2 h6 20. Nf3 Nxa4 21. Bxb4
Rb8 22. Ba5 Rd6 23. Bc7 Rxb2 24. Qd1 Rc6 25. Bxe5 Rxc1 26. Qxc1 Rb6 27. Bd4 Rc6
28. Qa1 Ba6 29. Bxa6 Rxa6 30. e5 Nd7 31. e6 Ndc5 32. Qd1 Nc3 33. Bxc3 Bxc3 34.
Qc1 Bb4 35. exf7+ Qxf7 36. Qxh6 Bc3 37. Qe3 Bb4 38. Rd1 Ne6 39. Ne5 Qf4 40.
Rd8+ Bf8 41. Qxf4 Nxf4 42. Ra8 Kg7 43. Ne4 Ne6 44. g3 Ra4 45. Nc3 Ra3 46. Nb5
Ra1+ 47. Kg2 Bc5 48. Nd7 a6 49. Nxc5 Nxc5 50. h4 Ra2 51. Nc3 Rc2 52. Ra7+ Kf8
53. Nd5 Nd3 54. Rxa6 Rxf2+ 55. Kh3 Rd2 56. Ra8+ Kf7 57. Ra7+ Ke6 58. Nc7+ Kf5
59. Ra5+ Ne5 60. Nd5 Rd3 61. Nf4 Re3 62. Ra8 Nd7 $2 (62... Nf7 {was critical,
but nevertheless offers White good winning prospects, e.g. war kritisch,
bietet Weiß aber trotz allem gute Gewinnchancen, z.B.} 63. Rg8 g5 64. Rf8 Re7
65. Nd5 Rd7 66. h5 Ke6 67. Ne3 Rd8 68. Rxd8 Nxd8 69. Kg4 Nf7 70. Nc4 Kf6 71.
Kf3 $16) 63. Rg8 Nf6 (63... Ne5 64. Rf8+ Ke4 65. Rf6 Rf3 66. Kg2 g5 67. hxg5
Ra3 68. Rf8 (68. g6 $6 Ra2+ 69. Kh3 Rh2+ 70. Kxh2 Ng4+ {is not totally clear
to me. ist mir nicht ganz klar.}) 68... Ra2+ 69. Kh3 Ra7 70. g6 Rg7 71. Ra8
Nxg6 72. Nxg6 Rxg6 73. Kh4 $18) 64. Rxg6 Ne4 65. h5 (65. Nd5 $5 {[%cal Gd5e3,
Gd5e7]}) 65... Ra3 (65... Ng5+ 66. Kg2 Kg4 67. Kh2 $1 Kf5 (67... Rxg3 $2 68.
Rxg5+ Kxg5 69. Kxg3 $18) 68. Rg8 Ra3 69. Nd5 Ra2+ 70. Kh1 Nf3 71. Ne3+ Ke6 72.
Ng4 Kf5 73. h6 Ra7 74. Ne3+ Ke4 75. Re8+ Kd3 76. Nf5 Ng5 77. g4 {and White
should win. und Weiß sollte gewinnen.}) 66. Kh4 Ra1 67. Nh3 Rh1 68. Rg8 Kf6 69.
Rf8+ Kg7 70. Rf4 Nf6 71. g4 Nd5 72. Rd4 Nf6 73. Ra4 Nh7 74. Ra7+ Kh6 75. Ra6+
Kg7 76. g5 Rxh3+ $5 {manages to put up some more resistance. leistet noch
etwas Widerstand} (76... Nxg5 $2 77. Rg6+ $18) 77. Kxh3 Nxg5+ 78. Kg4 Nf7 79.
Kf4 (79. Rg6+ Kh7 80. Kf5 Nh6+ 81. Kf6 Ng8+ 82. Kg5 Ne7 83. Re6 Ng8 84. h6 Kh8
85. Kg6 $18 {was a quicker win. gewann schneller.}) 79... Nh6 80. Rg6+ Kh7 81.
Ke5 Nf7+ 82. Ke6 Nh6 83. Rg5 Ng8 84. Rg4 Nh6 85. Ra4 Ng8 86. Ra7+ Kh6 87. Kf5
Kxh5 88. Rh7+ Nh6+ 89. Kf6 $22 1-0

[Event "Capablanca Memorial Elite 40th"]
[Site "Havana"]
[Date "2005.05.11"]
[Round "6"]
[White "Bruzon Batista, Lazaro"]
[Black "Arencibia Rodriguez, Walter"]
[Result "1-0"]
[WhiteElo "2669"]
[BlackElo "2530"]
[Annotator "Mueller,Karsten"]
[PlyCount "127"]
[EventDate "2005.05.06"]
[EventType "tourn"]
[EventRounds "14"]
[EventCountry "CUB"]
[EventCategory "15"]
[SourceTitle "CBM 107"]
[Source "ChessBase"]
[SourceDate "2005.08.01"]
[SourceVersion "1"]
[SourceVersionDate "2005.08.01"]
[SourceQuality "1"]

1. e4 d6 2. d4 Nf6 3. Nc3 g6 4. g3 Bg7 5. Bg2 O-O 6. Nge2 Nbd7 7. O-O c5 8. h3
Rb8 9. Be3 b6 10. a4 cxd4 11. Bxd4 Bb7 12. g4 Ne5 13. g5 Nh5 14. b3 f6 15. gxf6
Nxf6 16. Qd2 Rc8 17. Rac1 e6 18. Ng3 Nf7 19. Rfd1 Qe7 20. Qe1 Bc6 21. Be3 Nd7
22. Nce2 Nc5 23. Nd4 Bxd4 24. Rxd4 e5 25. Rd2 Ne6 26. Rcd1 Qh4 27. f3 Nfg5 28.
Bxg5 Nxg5 29. Rd3 Bd7 30. c4 Bxh3 31. Nf1 Qh5 32. Qg3 Rf4 33. Nh2 Rcf8 34. Bh1
Ne6 35. Rxd6 Nd4 36. R1xd4 exd4 37. Rd5 Qh6 38. Bg2 Be6 39. Rxd4 Qg7 40. Rd3
Qe5 41. Nf1 Kg7 42. Qe1 Qc5+ 43. Kh1 g5 44. Ne3 R8f6 45. Qc3 a5 46. Rd4 Kf7 47.
Kg1 h5 48. Nc2 g4 49. Ne1 gxf3 50. Nxf3 Bg4 51. Ne5+ Qxe5 52. Rd7+ Bxd7 53.
Qxe5 Kg6 $2 {Nach} (53... Rg4 {kann Weiß das Remis nicht verhindern, z.B.} 54.
Kh1 Rh4+ 55. Kg1 Rg4) 54. Qc7 Bg4 $2 (54... Be6 {war wesentlich zäher.}) 55. e5
Rf7 56. Qd6+ (56. Qxb6+ Kg7 57. Qxa5 h4 58. Qd8 h3 59. Bd5 $18) 56... Kg7 57.
Bd5 $2 (57. e6 R4f6 58. Qxb6 Rxe6 59. Qxa5 $18) 57... Rd7 $2 (57... Rf1+ 58.
Kg2 R1f2+ 59. Kg3 Rd2 60. e6 Rd3+ $11 {denn der weiße König kann den Schachs
nicht entkommen.}) 58. Qxb6 Bf5 59. Qe3 Rg4+ 60. Kf2 Re7 61. c5 Be6 (61... Be4
62. Bxe4 Rxe5 63. Qc3 Rgxe4 64. c6 $18) 62. Bxe6 Rxe6 63. Kf3 Reg6 64. Qd2 1-0

[Event "Novgorod op"]
[Site "Novgorod"]
[Date "1995.??.??"]
[Round "3"]
[White "Svidler, Peter"]
[Black "Bologan, Viktor"]
[Result "1-0"]
[WhiteElo "2585"]
[BlackElo "2540"]
[Annotator "Notkin,M"]
[PlyCount "95"]
[EventDate "1995.05.??"]
[EventType "swiss"]
[EventRounds "9"]
[EventCountry "RUS"]
[SourceTitle "EXT 2000"]
[Source "ChessBase"]
[SourceDate "1999.11.16"]
[SourceVersion "1"]
[SourceVersionDate "1999.11.16"]
[SourceQuality "1"]

1. e4 d6 2. d4 Nf6 3. Nc3 e5 4. dxe5 dxe5 5. Qxd8+ Kxd8 6. Bg5 Be6 7. O-O-O+
Nbd7 8. f4 exf4 9. Nf3 h6 10. Bxf4 c6 11. Nd4 (11. a3 Bc5 12. Nd4 Bg4 13. Be2
Bxe2 14. Ndxe2 Ng4 15. Na4 Be7 16. Rhf1 Ke8 17. h3 Nge5 $10 {Maljutin,E-Titov,
G/Azov/1991/0,5/68/}) (11. h3 Bb4 12. Bd3 Ke7 13. Nd4 Bxc3 $2 (13... Bd6 $1 $10
{Nevednichy/}) 14. bxc3 Nc5 15. Rhe1 Rhd8 16. g4 $1 Rd7 17. Nf5+ Bxf5 18. gxf5
$14 {Liss,E-Nevednichy,V/Biel/1994/0:1/42/}) 11... Bb4 12. e5 $5 (12. Nxe6+
fxe6 13. Bd3 Ke7 14. Ne2 Ng4 15. Rdf1 Bc5 16. Bg3 Rhf8 $17 {Biolek,R-Malaniuk,
V/Katowice/1992/0:1/32/}) 12... Ng4 (12... Nd5 13. Nxd5 Bxd5 14. Nf5 $16) 13.
Nxe6+ fxe6 14. Bc4 Ke7 15. Rhe1 Rhf8 16. Bg3 Rf5 17. Rd6 $6 (17. Bd3 Nf2 $1 18.
Rd2 (18. Bxf5 Nxd1 19. Bxe6 Nxc3 20. bxc3 Bxc3 $15) 18... Nxd3+ 19. Rxd3 Ba5
$15) (17. Rd4 $5 Nf2 $1 (17... Bxc3 18. bxc3 Nf2 (18... Ngxe5 19. Bb3 $16) 19.
Be2 Nxe5 20. Ba6 $5 bxa6 21. Bxe5 $14) (17... Ngxe5 18. Bxe6 Bxc3 19. Bxf5 Bxd4
(19... Bxe1 20. Bxe1 Rf8 21. Bh4+ g5 22. Bxd7 Nxd7 23. Bg3 $14) 20. Bxd7 Kxd7
21. Rd1 $16) 18. Bxe6 Bxc3 19. Rxd7+ Kxe6 20. Rd6+ Ke7 21. bxc3 $16) 17... Nc5
18. Rd4 (18. h3 Bxc3 $1 19. bxc3 Nf2 20. Rd4 b5 $15) 18... Nf2 19. Re3 (19. a3
$5 Bxc3 20. bxc3 $14) 19... Ba5 $1 20. Nd1 (20. Rf3 Bxc3 21. bxc3 Nfe4 $15)
20... Nh1 $1 21. Bh4+ g5 22. Be1 Bxe1 23. Rxe1 Nf2 24. Nc3 (24. b4 Nd7 25. Rd6
Nf8 $1) 24... a5 (24... Raf8 $2 25. b4 Nd7 26. Rd6) 25. a3 a4 26. Re3 Raf8 (
26... Rd8 27. Rxd8 Kxd8 28. h3 $10) 27. g3 h5 $2 (27... b5 28. Be2 Nd7 29. Nd1
$15) 28. Be2 g4 29. Nxa4 Nd7 30. Kd2 Nxe5 (30... b5 31. Nc3 Nxe5 32. a4 $14)
31. Ke1 Nh3 $2 (31... Nf3+ $2 32. Bxf3 Rxf3 33. Rxf3 Rxf3 34. Nb6 $16) (31...
Nd7 32. Rb4 b5 33. Nc3 $14) 32. Rde4 Kf6 33. Nb6 $2 (33. Nc5 Nf3+ (33... Rd8
34. Nxb7) 34. Bxf3 Rxc5 35. Rxe6+ $16) 33... Rd8 34. Nc4 Nf3+ $2 (34... Rd5 $5
35. Nb6 Rd8 $10) 35. Bxf3 gxf3 36. Rxe6+ Kg5 (36... Kg7 $32 37. Nd6 f2+ 38. Kf1
Rd5 39. Rd3 $16) 37. Nd6 f2+ 38. Kf1 Rd5 39. Ne4+ Kf5 40. Nxf2 $18 Nxf2 41.
Kxf2 Rd2+ 42. Kf3 R8d5 43. c4 R5d3 44. R6e5+ Kg6 45. Rxd3 Rxd3+ 46. Re3 Rd7 47.
Ke4 Kg5 48. h3 1-0

[Event "YUG-ch"]
[Site "Podgorica"]
[Date "1996.??.??"]
[Round "10"]
[White "Kosic, Dragan"]
[Black "Pikula, Dejan"]
[Result "1-0"]
[WhiteElo "2515"]
[BlackElo "2455"]
[Annotator "Notkin,M"]
[PlyCount "83"]
[EventDate "1996.02.??"]
[EventType "tourn"]
[EventRounds "15"]
[EventCountry "YUG"]
[EventCategory "9"]
[SourceTitle "CBM 053"]
[Source "ChessBase"]
[SourceDate "1996.08.01"]
[SourceVersion "1"]
[SourceVersionDate "1996.08.01"]
[SourceQuality "1"]

1. d4 g6 2. e4 Bg7 3. Nc3 d6 4. Be3 c6 5. Qd2 Nf6 6. f3 b5 7. a4 b4 8. Nd1 Qa5
(8... a5 9. Nf2 (9. c3 bxc3 10. bxc3 Ba6 (10... O-O) 11. Bxa6 Nxa6 (11... Rxa6
$5) 12. Ne2 O-O 13. O-O $14 {Renet,O-Cerrato,J.P./Palma de Mallorca/1991/1:0/
46/}) 9... O-O 10. Bd3 Nbd7 11. Ne2 e5 12. O-O exd4 13. Nxd4 Bb7 $10 {Pilnik,
H-Torre,E/Lone Pine/1975/0:1/42/}) 9. Bd3 O-O 10. Ne2 e5 11. O-O Nbd7 12. Nf2
Re8 (12... exd4 13. Nxd4 c5 $8 14. Nc6 (14. Nb5 Ne8 15. Bc4 Bxb2 16. Bh6 $44)
14... Qc7 15. Ne7+ Kh8 16. Nxc8 Raxc8 17. Bc4 $14) 13. dxe5 dxe5 $6 (13... Nxe5
$10) 14. Nc1 $1 c5 $2 (14... Rb8 15. Nb3 Qc7 16. a5 $14) 15. Nb3 Qc7 16. Qe2
Nh5 (16... h5 17. a5 a6 (17... Nh7 18. Bb5) 18. Bc4) 17. g3 Bf8 18. Rfd1 (18.
a5 $142 Ng7 19. c3 $16) 18... Ng7 19. Ng4 Ne6 20. Bb5 Be7 21. Rd5 Nd4 $2 (21...
f6 22. c3 a6 23. Bc4 Nb6 24. Nxf6+ (24. Rd2 $14) 24... Bxf6 25. Rxc5 Qb8 26.
cxb4 $13) 22. Bxd4 exd4 (22... cxd4 23. Nxe5) 23. Qc4 $1 Nb6 (23... a6 24. Bxd7
Bxd7 25. Rxc5 $1 Bxc5 (25... Qb6 26. Nh6+ Kg7 27. Qxd4+ Kxh6 28. Rh5+ $18) 26.
Nf6+ Kg7 27. Nxe8+ Rxe8 28. Nxc5 $16) 24. Rxc5 $1 Qd6 (24... Bxc5 25. Nf6+ $18)
25. Qd3 $18 (25. Nh6+ Kg7 26. Qxf7+ Kxh6 27. Bxe8 Be6 28. e5 $1 Qxc5 29. Qxe6
$18) 25... Rd8 26. a5 Bxg4 (26... Nd7 27. Rd5) 27. axb6 Be6 (27... Qxb6 28. Rc6
) 28. Rc6 Qe5 (28... Qb8 29. Rc7 Bd6 30. Rcxa7) 29. f4 Qh5 30. bxa7 Bd7 31. Ra5
(31. Rb6) 31... Qg4 32. Rb6 h5 33. Qe2 Qxe2 34. Bxe2 Kg7 35. Bc4 Be6 36. Bxe6
fxe6 37. Rb7 Kf8 38. Kf1 d3 39. cxd3 Rxd3 40. Rb8+ Rd8 41. Rxa8 Rxa8 42. Nd4
1-0

[Event "OHRA-A"]
[Site "Brussels"]
[Date "1986.12.??"]
[Round "9"]
[White "Kortschnoj, Viktor Lvovich"]
[Black "Nunn, John DM"]
[Result "1/2-1/2"]
[WhiteElo "2650"]
[BlackElo "2590"]
[Annotator "Nunn,J"]
[PlyCount "86"]
[EventDate "1986.12.??"]
[EventType "tourn"]
[EventRounds "10"]
[EventCountry "BEL"]
[EventCategory "16"]
[SourceTitle "CBM 001"]
[Source "ChessBase"]
[SourceDate "2004.01.01"]
[SourceVersion "1"]
[SourceVersionDate "2004.01.01"]
[SourceQuality "1"]

1. d4 g6 2. e4 d6 3. c3 Nf6 4. Bd3 Bg7 5. Nf3 O-O 6. O-O c5 7. dxc5 dxc5 8. h3
Nc6 9. Qe2 Qc7 10. Re1 {Kortschnoj plays the opening in a very original
fashion. His idea is twofold; firstly he may play e5 and Qe4-h4 with a
kingside attack, or he may play positionally to try and prove that c4 will be
an excellent square for a knight.} Nd7 {This is one way to prevent e5 by White.
} ({But} 10... e5 {was another, more direct, method. Black might then play ...
Nh5-f4, but there is a long-term risk involved in weakening d5.}) 11. Bc2 b6
12. a4 Bb7 13. Nbd2 Rad8 14. Nf1 Qc8 $6 {Bad. Black aims to play ...Ba6, ...c4
and ...Nc5-d3.} ({But it was much more important to prevent White developing
his queen's bishop to a good square by} 14... h6 $1) 15. Bg5 Ba6 16. Qe3 Qb7
17. Rad1 c4 {A really weak move. Although this is part of Black's plan he
blocks in the a6 bishop and allows White access to d4.} (17... f6 18. Bh4 e5 {
was much better; then Black could play ...c4 and ...Nc5 while keeping d4 under
control.}) 18. Nd4 $1 Nde5 19. Nb5 {Black has a very poor position. His c4
pawn is very weak and if White can drive the central knight away by playing f4
all Black's minor pieces will be poorly placed.} Na5 20. Qe2 ({Not immediately
} 20. f4 $6 Nd3 21. Bxd3 cxd3 22. Rxd3 Nc4 {followed by ...Rxd3 and ...Nxb2.})
20... Bxb5 21. axb5 Qc7 22. f4 Nd3 {Black is lost. Although Black gets some
play for the pawn, he is doomed by the very bad position of the knight at a5.}
23. Bxd3 cxd3 24. Rxd3 h6 ({Unfortunately it turns out that} 24... f6 25. Bh4
Qxf4 {loses to} 26. Bg3 Qg5 {when the Black queen and knight are in disastrous
positions.} 27. Rxd8 Rxd8 28. b4 Nb7 (28... Nb3 29. Qc4+ $18) 29. Qc4+ Kf8 30.
Qc7 $18) 25. Bh4 Rxd3 26. Qxd3 Rd8 27. Qe2 Qxf4 28. Bxe7 Re8 29. Bb4 Nb7 30.
Qf3 Qe5 31. Ne3 {Although White is still winning, this is an unnecessary
complication.} ({Simply} 31. Ra1 {wins easily.}) 31... Qxb5 32. Rf1 $6 {
This move throws the win away.} (32. Nd5 $142 Be5 33. Be7 $1 {gives White a
decisive attack based on the threats of R f1 and Bf6, although in time trouble
this line was not so easy to see.}) 32... Qd7 {Now the position is level. The
good square for the knight at d5 balances the weakness of the isolated e-pawn.}
33. Nd5 Nc5 34. Bxc5 bxc5 35. Rd1 Qb7 36. Rd2 Qc6 37. Rf2 Qd7 38. Qf4 {A risky
move.} ({White should have been content with a draw by} 38. Rd2) 38... Re5 ({
I rejected the obvious} 38... f5 {because of} 39. Rd2 {, overlooking the reply}
Qa4 $1 {, when} 40. exf5 $2 Qa1+ {[%cal Ya1e1,Rg7e5] wins for Black. Therefore
White would have faced problems after 38...f5.}) 39. Rd2 Qe6 40. Nc7 Qe7 ({
I intended} 40... Qc4 $2 {, but} 41. Rd8+ Kh7 42. Nd5 $1 $18 {would have been
the reply, when there is no genuine answer to the threat of Nf6+.}) 41. Nd5 Qe6
({Objectively Black should play} 41... Qg5 $15 {with a slight advantage, but I
was so pleased with half-a-point I decided to be satisfied with a draw.}) 42.
Nc7 Qe7 43. Nd5 Qe6 1/2-1/2

[Event "MK Cafe Cup-A"]
[Site "Koszalin"]
[Date "1999.08.06"]
[Round "4"]
[White "Socko, Bartosz"]
[Black "Ftacnik, Lubomir"]
[Result "1-0"]
[WhiteElo "2543"]
[BlackElo "2589"]
[Annotator "Oratovsky,M"]
[PlyCount "87"]
[EventDate "1999.08.03"]
[EventType "swiss"]
[EventRounds "9"]
[EventCountry "POL"]
[SourceTitle "CBM 073"]
[Source "ChessBase"]
[SourceDate "1999.12.01"]
[SourceVersion "1"]
[SourceVersionDate "1999.12.01"]
[SourceQuality "1"]

1. e4 d6 2. d4 Nf6 3. Nc3 g6 4. f3 c6 5. Be3 Qb6 6. b3 ({Deserved attention
tipical pawn sacrifice} 6. Qd2 Qxb2 7. Rb1 Qa3 8. e5 (8. Nge2 Qa5 9. g4 Bg7 10.
h4 h5 11. g5 Nfd7 12. f4 $44 {Lukjanenko,A-Czerwonski,A/Voronezh op 1998 (33)})
8... Nfd7 (8... dxe5 9. dxe5 Nd5 10. Nxd5 cxd5 11. c4 $36) 9. Rb3 Qa5 10. exd6
exd6 11. Bg5 f6 12. Qe3+ Kf7 $6 ({better is} 12... Kd8 13. Bf4 Bh6 $13 {
[%cal Gh8e8]}) 13. Bc4+ d5 {[%tqu "En","","","","b3b5","",10]} 14. Rb5 $1 Qxc3+
(14... Qa6 15. Nxd5 cxb5 16. Bb3 fxg5 17. Nc7+ Kg7 18. Ne8+ $1 Kh6 19. h4 Bb4+
20. Kf1 Rxe8 21. hxg5+ Kg7 22. Qxe8 $18) 15. Qxc3 fxg5 16. Bxd5+ cxd5 17. Nh3
$16 {Osadchenko,A-Bujakevich,A/Moscow-ch 1996 (39)}) 6... e5 7. Qd2 Qa5 8. Nge2
Nbd7 9. O-O-O {[%csl Rb3]} ({Deserved attention more solid} 9. g3 d5 10. exd5
cxd5 11. dxe5 Nxe5 12. Bg2 Bh3 13. O-O Bxg2 14. Kxg2 Bg7 15. Rad1 $14 {[%csl
Rd5]}) 9... h5 $5 {preventing whites initiative on the kingside after g4} 10.
Kb1 b5 11. Bg5 Be7 12. g3 (12. d5 c5 13. Nc1 Rb8 $13) 12... Qc7 13. Bh3 Nb6 14.
Bxc8 Qxc8 $5 {keeping possibility to castle on the queenside.} 15. Nc1 Qc7 16.
Rhf1 ({Doesn't work} 16. dxe5 $6 dxe5 17. Bxf6 $2 Bxf6 18. Qd6 Qxd6 19. Rxd6
Be7 20. Rxc6 Kd7 $17) 16... O-O-O 17. Qe3 Rhe8 18. Nd3 exd4 19. Qxd4 c5 (19...
d5 20. e5 Nfd7 21. Bxe7 Rxe7 22. f4 $14) 20. Qe3 b4 21. Ne2 (21. Nb5 Qb8 (21...
Qd7 22. c4 {[%cal Rd3c5]} Nh7 $5 23. Nxc5 Bxg5 24. Nxd7 Bxe3 25. Nxb6+ axb6 26.
Nxd6+ Rxd6 27. Rxd6 Bc5 $11) 22. Nxc5 dxc5 23. Bxf6 Bxf6 24. Qxc5+ Kb7 25. Nd6+
Rxd6 26. Rxd6 Be7 27. Qc6+ Ka6 28. Rd5 $14) 21... Nfd5 22. Qc1 Bxg5 23. Qxg5
Nc3+ 24. Nxc3 bxc3 25. Nc1 (25. Nf4 $6 Re5 26. Qf6 Nc4 $36 {[%cal Gc7a5]})
25... c4 26. Qe3 ({More dangerouse for black was} 26. Qa5 $1 cxb3 27. axb3 {
[%cal Gd1d3]} Re5 (27... d5 28. Rd3 d4 29. Rfd1 $16) 28. Qa6+ Kb8 29. Nd3 $16 {
[%cal Gd3b4]}) 26... f5 27. Qxc3 fxe4 28. fxe4 Rxe4 (28... cxb3 29. Qxc7+ Kxc7
30. axb3 Rxe4 31. Rf6 Rg4 32. Ne2 $16 {[%cal Ge2d4,Ge2f4]}) 29. Qf6 Rg4 30.
Qe6+ {[%cal Gf1f7]} Rd7 (30... Qd7 31. Rxd6 $16) 31. Rf6 $16 {[%csl Rd6,Rg6]}
d5 32. Rxg6 Rxg6 33. Qxg6 Qe5 34. Rf1 Kb7 35. Rf5 Qe1 36. Qxh5 $18 d4 37. Qf3+
{Black position is defensless.Rest of the game is easy job for white.} Ka6 38.
bxc4 Nxc4 39. Qc6+ Nb6 40. Rb5 {[%cal Gb5b6]} Rd8 41. Rb3 Qa5 $8 42. Nd3 Rc8
43. Nb4+ Qxb4 44. Qxc8+ 1-0

[Event "MK Cafe Cup-A"]
[Site "Koszalin"]
[Date "1999.08.13"]
[Round "10"]
[White "Rajlich, Iweta"]
[Black "Mainka, Romuald"]
[Result "1/2-1/2"]
[WhiteElo "2395"]
[BlackElo "2476"]
[Annotator "Oratovsky,M"]
[PlyCount "92"]
[EventDate "1999.08.03"]
[EventType "swiss"]
[EventRounds "9"]
[EventCountry "POL"]
[SourceTitle "CBM 073"]
[Source "ChessBase"]
[SourceDate "1999.12.01"]
[SourceVersion "1"]
[SourceVersionDate "1999.12.01"]
[SourceQuality "1"]

1. d4 d6 2. e4 Nf6 3. Bd3 {La continuacion normal} e5 4. c3 d5 5. dxe5 Nxe4 (
5... dxe4 $6 6. Bb5+ Bd7 7. Bc4 $1 Ng4 $8 8. Bxf7+ $1 Kxf7 9. e6+ Kxe6 10.
Qxg4+ Kf7 11. Qh5+ g6 12. Qd5+ Kg7 13. Bg5 (13. Be3 $5 $14) 13... Be7 14. Be3
Bc6 15. Qe6 Re8 $132 {Christiansen,L-Rivas,M/Las Palmas/1993/ (19)}) 6. Nf3 {
[Las blancas podrian haber ganado un peon con]} (6. Nd2 Nc5 (6... Nc6 $5) 7.
Bc2 Qg5 $5 8. Ne4 Qxe5 9. Nf3 Qe7 10. Qxd5 c6 11. Qxc5 Qxc5 12. Nxc5 Bxc5 13.
O-O O-O 14. Re1 $14 {/= with some development advantage}) (6. Bxe4 $6 dxe4 7.
Qa4+ Bd7 8. Qxe4 {pero despues de} Bc6 9. Qg4 h5 {las negras tendrian
compensacion mas que suficiente, debido al control casi total de las casillas
blancas.} 10. Qh3 Qd7 $36) 6... Nc6 7. O-O (7. Nbd2 Nc5 (7... Ng5 8. Bb5 Bd7 9.
Qe2 a6 10. Bxc6 Bxc6 11. Nd4 Bd7 12. O-O Ne6 $13 {^^ Smirin,I-Chernin,A/
Groningen PCA 1993/1/2-1/2 (58)}) 8. Bc2 (8. Bb5 Bd7 9. Qe2 Be7 10. Bxc6 Bxc6
11. Nd4 Bd7 12. O-O Ne6 {Fedorov,A-Korotylev,A/St-Peterburg/1994/0,5/27/}) 8...
Bg4 9. O-O d4 $5 (9... Be7 10. Qe1 $5 (10. Re1 d4 $132) 10... O-O 11. Nd4 f6
12. h3 Bd7 13. Nxc6 Bxc6 14. b4 Ne4 15. Nxe4 dxe4 16. Bxe4 $1 Bb5 17. Bxb7 $1
Rb8 18. Be4 fxe5 19. Be3 Bxf1 20. Qxf1 $16 {[%csl Ra7,Ge4,Re5][%cal Ge4h7,
Ge4a8,Ga1d1]}) 10. h3 Bh5 11. Nb3 dxc3 12. bxc3 Qxd1 13. Rxd1 Bg6 $11 {Tratar,
M-Cander,M/SLO-chJ/1992/ (19)}) 7... Bg4 8. Bf4 Nc5 9. b4 (9. Re1 Be7 10. b4
Nxd3 11. Qxd3 Qd7 12. Nbd2 O-O $11 {1/2-1/2 Blaas,H-Schiestl,J/AUT-chT2W 9798
1997 (19)}) (9. Bc2 Ne6 10. Bg3 d4 $132) 9... Ne6 ({Why not simple} 9... Nxd3
10. Qxd3 Qd7 {[%cal Ge8c8,Yf8e7,Ge8g8]}) 10. Bg3 d4 11. b5 Na5 12. Be2 Bxf3 (
12... Bc5 13. Nxd4 Bxe2 14. Nxe2 $14) 13. Bxf3 Bc5 14. Qa4 Bb6 15. Qb4 (15. Rd1
O-O 16. cxd4 Nxd4 17. Bg4 a6 $15 {[%csl Ra4]}) 15... h5 16. h3 (16. h4 g5 17.
hxg5 Qxg5 $17 {[%cal Gh5h4]}) 16... Qg5 17. Na3 dxc3 $6 {[%cal Rg5g3,Gb6g1]} (
17... O-O-O $5 $15) 18. Bh4 Bc5 19. Qxc5 Qxh4 20. Qxc3 Nd4 $8 (20... Qa4 21.
Rab1 $18 {[%csl Ra4][%cal Gb1b4]}) 21. e6 ({Losing by forse} 21. Qxa5 $2 Nxf3+
22. gxf3 Rh6 {[%cal Gh6g6]} 23. Kh2 Qf4+ 24. Kh1 Qxf3+ 25. Kh2 Rg6 26. Rg1
Qxf2+ 27. Kh1 Rd8 $19 {[%cal Gd8d3]}) (21. Bd1 b6 22. Qxc7 $14) 21... Nxf3+ 22.
Qxf3 O-O (22... fxe6 23. Rac1 $40 {[%csl Ra5,Re8]}) 23. Qc3 b6 24. Rad1 Rae8
$132 (24... fxe6 $6 25. Rd7 Qf6 26. Qxf6 (26. Qxc7 Rfc8 27. Qd6 $14) 26... Rxf6
27. Rxc7 Rf7 28. Rfc1 a6 29. bxa6 Rxa6 30. Nb5 $14 {[%csl Ra5,Ra6]}) 25. Rd7
Rxe6 26. Rxc7 Re7 27. Rxe7 (27. Re1 Rxc7 28. Qxc7 Qb4 29. Re3 Qb2 $132) 27...
Qxe7 28. Re1 Qd7 29. Qe5 g6 {[%csl Ra3,Ra5] Which knight is worser?} 30. Nb1 {
[%cal Gb1c3,Gc3d5,Gc3e4]} Nc4 31. Qe4 (31. Qg5 Re8 $15) 31... Nd6 $6 ({Better
was} 31... Qxb5 32. Nc3 Qc5 33. Nd5 Rd8 $17 {and white hasn't any visiblle
compensation for sacrificed pawn.}) 32. Qd4 Rd8 33. Nc3 Nf5 34. Qe5 Qd4 $11 35.
Qc7 Qd7 36. Qe5 Qd6 $6 {It looks like in mutual timetrouble black tries to
play for an avantage,but after} 37. Qxd6 Rxd6 38. g4 $1 hxg4 39. hxg4 Nd4 40.
Re7 $14 {finds himself in worser position.} Ne6 41. Rxa7 g5 42. a4 $6 ({after} 
42. Ne4 Rd1+ 43. Kh2 {white keeps a pawn up and better chanses}) 42... Rd4 43.
Kf1 (43. f3 Rd3 44. Ne4 Rxf3 45. a5 bxa5 46. b6 Rb3 47. b7 Kg7 48. Nd6 Nc5 $11
{[%cal Ga5a4]}) 43... Kg7 (43... Rxg4 44. Nd5 $18 {[%csl Rb6]}) 44. Rb7 Rc4 45.
Nd5 Rxa4 46. Rxb6 Nf4 $11 {[%cal Ra4a1]} 1/2-1/2